Loading...
| Auditory Arts | 4 | 22.50 | 100% | 100% | 25% |
| Beliefs | 8 | 21.25 | 88% | 88% | 38% |
| Current Events | 2 | 15.00 | 100% | 50% | 0% |
| Fine Arts - Other Arts | 8 | 16.25 | 88% | 63% | 13% |
| History - American | 7 | 24.29 | 100% | 71% | 71% |
| History - European | 8 | 22.50 | 88% | 100% | 38% |
| History - Other | 2 | 25.00 | 100% | 100% | 50% |
| History - World | 5 | 22.00 | 100% | 60% | 60% |
| Literature - American | 6 | 20.00 | 100% | 100% | 0% |
| Literature - British | 4 | 25.00 | 100% | 100% | 50% |
| Literature - European | 4 | 22.50 | 100% | 50% | 75% |
| Literature - World | 6 | 23.33 | 100% | 83% | 50% |
| Philosophy | 7 | 20.00 | 100% | 57% | 43% |
| Science - Biology | 5 | 20.00 | 100% | 80% | 20% |
| Science - Chemistry | 7 | 22.86 | 100% | 71% | 57% |
| Science - Other | 3 | 20.00 | 67% | 100% | 33% |
| Science - Physics | 5 | 18.00 | 100% | 80% | 0% |
| Social Science | 6 | 18.33 | 100% | 83% | 0% |
| Visual Arts | 6 | 18.33 | 100% | 83% | 0% |